Monte Carlo as a Method for Examining of Business Changes in Tourism in Slovakia

Modelovanie vývoja zakladania a zatvárania podnikov v sektore cestovného ruchu na základe historických údajov a vplyvu vybraných faktorov.

Na minha lista:
Detalhes bibliográficos
Autor principal: Čakanišin, Adrián, 1997-
Outros Autores: Halenárová, Mária, 1994-
Formato: Capítulo de Livro
Idioma:inglês
Assuntos:
Tags: Adicionar Tag
Sem tags, seja o primeiro a adicionar uma tag!

MARC

LEADER 00000naa$a2200000$$$4500
001 0311254
005 20250623110325.2
041 0 |a eng 
044 |a SK 
245 1 0 |a Monte Carlo as a Method for Examining of Business Changes in Tourism in Slovakia  |c Adrián Čakanišin, Mária Halenárová 
520 |a Modelovanie vývoja zakladania a zatvárania podnikov v sektore cestovného ruchu na základe historických údajov a vplyvu vybraných faktorov. 
610 2 0 |a podnikanie 
610 2 0 |a ruch cestovný 
610 2 0 |a dynamika ekonomiky 
610 2 0 |a metóda Monte Carlo 
610 2 0 |a modelovanie 
610 2 0 |a rozvoj podniku 
610 2 0 |a rozvoj regionálny 
610 2 0 |a rozvoj trvalo udržateľný 
610 2 0 |a Slovensko 
100 1 |a Čakanišin, Adrián, 1997- 
700 1 |a Halenárová, Mária, 1994-